Девушка с жемчужиной: пер. с нем; рассказы о судьбах картин

Detalhes bibliográficos
Autor principal: Зейдевиц Р. Рут
Outros Autores: Зайдевиц М. Макс
Idioma:russo
Publicado em: Москва, Изобразительное искусство, 1978
Assuntos:
Formato: Livro
KOHA link:https://koha.lib.tpu.ru/cgi-bin/koha/opac-detail.pl?biblionumber=232581

MARC

LEADER 00000nam0a2200000 4500
001 232581
005 20231101231201.0
035 |a (RuTPU)RU\TPU\book\253634 
090 |a 232581 
100 |a 20130215d1978 m y0rusy50 ca 
101 1 |a rus  |c rus 
102 |a RU 
105 |a a z 001zy 
200 1 |a Девушка с жемчужиной  |e пер. с нем  |e рассказы о судьбах картин  |f Р. Зейдевиц, М. Зайдевиц 
210 |a Москва  |c Изобразительное искусство  |d 1978 
215 |a 272 с.  |c ил. 
320 |a Список иллюстраций: с. 257-261. 
606 1 |a Живопись  |x История  |2 stltpush  |3 (RuTPU)RU\TPU\subj\73356  |9 86388 
610 1 |a искусство 
610 1 |a картины 
610 1 |a итальянское искусство 
610 1 |a живопись 
675 |a 75.03(09)  |v 3 
700 1 |a Зейдевиц  |b Р.  |g Рут 
701 1 |a Зайдевиц  |b М.  |g Макс 
801 1 |a RU  |b 63413507  |c 20130215 
801 2 |a RU  |b 63413507  |c 20220810  |g RCR 
942 |c BK